Primavera con una esquina rota
Պահպանված է:
| Հիմնական հեղինակ: | |
|---|---|
| Ձևաչափ: | Գիրք |
| Լեզու: | իսպաներեն |
| Հրապարակվել է: |
Buenos Aires
Sudamericana
2000
|
| Հրատարակություն: | 2a. ed |
| Շարք: | Biblioteca Mario Benedetti
|
| Խորագրեր: | |
| Ցուցիչներ: |
Ավելացրեք ցուցիչ
Չկան պիտակներ, Եղեք առաջինը, ով նշում է այս գրառումը!
|
MARC
| LEADER | 00000nam a2200000 a 4500 | ||
|---|---|---|---|
| 001 | UCM8562 | ||
| 003 | CL-VaPUC | ||
| 008 | 030321e20000000AG |||||||||||||||||spa|d | ||
| 082 | 0 | 4 | |a Ur863 |b BEN |2 21 |
| 100 | 0 | |a Benedetti, Mario |e author |9 474641 | |
| 245 | 1 | 0 | |a Primavera con una esquina rota |
| 250 | |a 2a. ed | ||
| 300 | |a 188 p | ||
| 942 | |c BK | ||
| 945 | |d 20030321 00:00:00 |a vberengu | ||
| 260 | |a Buenos Aires |b Sudamericana |c 2000 | ||
| 650 | 0 | |a Cuentos uruguayos |9 265136 | |
| 650 | 0 | |a Literatura uruguaya |9 342815 | |
| 583 | |a last modification |c 20030321 00:00:00 |k Rodrigo Vera | ||
| 490 | 0 | |a Biblioteca Mario Benedetti | |
| 999 | |c 303030 |d 303028 | ||
| 952 | |0 0 |1 0 |4 0 |6 UR_863_000000000000000_BEN_2000 |7 0 |8 A |9 363966 |a BIBCUR |b BIBCUR |d 2019-11-21 |i 3885798 |l 5 |m 2 |o Ur863 BEN 2000 |p 3885798 |r 2025-04-22 |s 2024-10-17 |w 2019-11-21 |y BK |k PER | ||